Loading...
| Religion | 0 | 5 | 0 | 1 | 50 | 68 | 100.40 | 3 | 5 | 9.51 | 33.33 |
| History - Other | 0 | 4 | 0 | 0 | 40 | 33 | 46.25 | 2 | 4 | 22.30 | 30.30 |
| History - American | 0 | 4 | 0 | 2 | 40 | 71 | 95.50 | 1 | 4 | 8.03 | 24.24 |
| History - World | 0 | 4 | 0 | 1 | 40 | 22 | 55.50 | 3 | 4 | 19.92 | 30.30 |
| Social Science | 0 | 4 | 1 | 0 | 35 | 40 | 58.00 | 3 | 4 | 18.64 | 33.33 |
| Science - Other | 0 | 3 | 0 | 0 | 30 | 15 | 43.67 | 2 | 3 | 17.40 | 21.21 |
| Philosophy | 0 | 3 | 1 | 0 | 25 | 58 | 71.67 | 2 | 3 | 11.07 | 21.21 |
| History - European | 0 | 2 | 0 | 1 | 20 | 91 | 102.50 | 1 | 2 | 2.99 | 15.15 |
| Science - Physics | 0 | 2 | 0 | 0 | 20 | 74 | 85.00 | 0 | 2 | 4.97 | 12.12 |
| Fine Arts - Other | 0 | 2 | 0 | 1 | 20 | 90 | 108.00 | 1 | 2 | 2.70 | 12.12 |
| Other Academic | 0 | 2 | 1 | 0 | 15 | 27 | 55.50 | 2 | 2 | 37.92 | 66.67 |
| Literature - World/Other | 0 | 1 | 0 | 0 | 10 | 102 | 102.00 | 1 | 1 | 2.61 | 9.09 |
| Fine Arts - Visual | 0 | 1 | 0 | 0 | 10 | 88 | 88.00 | 0 | 1 | 3.25 | 6.06 |
| Geography/Current Events | 0 | 1 | 0 | 1 | 10 | 125 | 125.00 | 1 | 1 | 0.52 | 16.67 |
| Science - Chemistry | 0 | 1 | 0 | 1 | 10 | 119 | 119.00 | 0 | 1 | 0.22 | 6.06 |
| Fine Arts - Classical Music | 0 | 1 | 1 | 0 | 5 | 70 | 70.00 | 1 | 1 | 3.36 | 9.09 |